Chemical elements in plants and soil: Parameters controlling essentiality (Record no. 2881)

MARC details
000 -LEADER
fixed length control field 00485nam a22001697a 4500
003 - CONTROL NUMBER IDENTIFIER
control field OSt
005 - DATE AND TIME OF LATEST TRANSACTION
control field 20210909103656.0
008 - FIXED-LENGTH DATA ELEMENTS--GENERAL INFORMATION
fixed length control field 210909b |||||||| |||| 00| 0 eng d
020 ## - INTERNATIONAL STANDARD BOOK NUMBER
International Standard Book Number 978-90-481-2751-1
040 ## - CATALOGING SOURCE
Transcribing agency Hawassa university
050 ## - LIBRARY OF CONGRESS CALL NUMBER
Classification number 575.764/ERA
Item number 3
082 ## - DEWEY DECIMAL CLASSIFICATION NUMBER
Classification number 575.764/ERA
Item number 3
100 ## - MAIN ENTRY--PERSONAL NAME
Personal name Franzle stefan
9 (RLIN) 2583
245 ## - TITLE STATEMENT
Title Chemical elements in plants and soil: Parameters controlling essentiality
260 ## - PUBLICATION, DISTRIBUTION, ETC.
Place of publication, distribution, etc. Netherlands
Name of publisher, distributor, etc. Printforce
Date of publication, distribution, etc. 2010
942 ## - ADDED ENTRY ELEMENTS (KOHA)
Source of classification or shelving scheme Dewey Decimal Classification
Koha item type Books like text book referance book
Suppress in OPAC No
Holdings
Withdrawn status Lost status Source of classification or shelving scheme Damaged status Not for loan Home library Current library Date acquired Full call number Barcode Date last seen Copy number Price effective from Koha item type Total Checkouts
    Dewey Decimal Classification     College of Agriculture Library College of Agriculture Library 09/09/2021 575.764/FRA ALIB00001316 09/09/2021 C 5 09/09/2021 Books like text book referance book  
    Dewey Decimal Classification     College of Agriculture Library College of Agriculture Library 09/09/2021 575.764/FRA ALIB00001312 09/09/2021 C 1 09/09/2021 Books like text book referance book  
    Dewey Decimal Classification     College of Agriculture Library College of Agriculture Library 09/09/2021 575.764/FRA ALIB00001313 09/09/2021 C 2 09/09/2021 Books like text book referance book